The church stands corrected / (Record no. 4303)

MARC details
000 -LEADER
fixed length control field 00736cam a2200265 i 4500
001 - CONTROL NUMBER
control field 20919
003 - CONTROL NUMBER IDENTIFIER
control field GBCCL
005 - DATE AND TIME OF LATEST TRANSACTION
control field 20241126110515.0
008 - FIXED-LENGTH DATA ELEMENTS--GENERAL INFORMATION
fixed length control field 760916s1976 ilu 000 0 eng
010 ## -
-- 76010505 //r84
020 ## - INTERNATIONAL STANDARD BOOK NUMBER
International Standard Book Number 0882077333 :
Terms of availability $1.75
035 ## - SYSTEM CONTROL NUMBER
System control number (OCoLC)02507529
040 ## - CATALOGING SOURCE
Original cataloging agency DLC
Transcribing agency DLC
049 ## -
-- LBBK
-- 1-2
050 1# -
-- BS2675.3
-- .V36
082 ## - DEWEY DECIMAL CLASSIFICATION NUMBER
Classification number 227.207
Item number GOR
092 ## - LOCALLY ASSIGNED DEWEY CALL NUMBER (OCLC)
Classification number 227.207
Item number V253
100 1# - MAIN ENTRY--PERSONAL NAME
Personal name Van Gorder, Paul R.
9 (RLIN) 8118
245 14 - TITLE STATEMENT
Title The church stands corrected /
Statement of responsibility, etc. Paul R. Van Gorder.
260 ## - PUBLICATION, DISTRIBUTION, ETC.
Place of publication, distribution, etc. Wheaton, Ill. :
Name of publisher, distributor, etc. Victor Books,
Date of publication, distribution, etc. c1976.
300 ## - PHYSICAL DESCRIPTION
Extent 156 p. ;
Dimensions 18 cm.
490 0# - SERIES STATEMENT
Series statement An Input book
630 00 - SUBJECT ADDED ENTRY--UNIFORM TITLE
Uniform title Bible.
Name of part/section of a work N.T.
-- Corinthians, 1st
General subdivision Commentaries.
9 (RLIN) 8119
942 ## - ADDED ENTRY ELEMENTS (KOHA)
Source of classification or shelving scheme Dewey Decimal Classification
Koha item type Books
Koha issues (borrowed), all copies 4
Holdings
Withdrawn status Lost status Source of classification or shelving scheme Damaged status Not for loan Home library Current Library Shelving location Date acquired Total checkouts Full call number Barcode Date last seen Date last checked out Copy number Price effective from Koha item type
    Dewey Decimal Classification     GRACE BIBLE COLLEGE GRACE BIBLE COLLEGE Biblical Studies 2018-01-18 6 227.207 GOR 006451 2025-09-10 2025-09-04 c.1 2018-01-18 Books
© Grace Bible College Library 2025